| 000 | 00944nam a2200265 a 4500 | ||
|---|---|---|---|
| 001 | BRCA_6546 | ||
| 005 | 20190320205511.0 | ||
| 008 | 290911s1972----u--a######---#000-0#eng-# | ||
| 020 | _a0393043193 | ||
| 041 | _aeng | ||
| 044 | _anyu | ||
| 050 | 4 |
_aND623.B8 _b.M53 1972 |
|
| 245 | 1 | 0 |
_aMichelangelo _bThe Sistine Chapel Ceiling _cedited by Charles Seymour, Jr. |
| 260 |
_aEstados Unidos de América _bW. W. Norton & Company _c1972 |
||
| 300 |
_axxi, 243 p. _bil. _c21 cm. |
||
| 440 | 0 |
_aA Norton critical study in art history _916336 |
|
| 500 | _aIncluye lista de ilustraciones y glosario de términos histórico-artístico | ||
| 500 | _aDonación Dra. Elsa Barberena | ||
| 504 | _aBibliografía: p. 239-243 | ||
| 600 | 1 | 4 |
_aLodovico Buonarroti, Michelangelo di _d1475-1564 _916337 |
| 610 | 2 | 4 |
_aCapilla Sixtina (Palacio Vaticano, Ciudad del Vaticano) _916338 |
| 700 | 1 |
_aSeymour, Charles _eed. _916339 |
|
| 902 | _aDEB | ||
| 942 |
_2lcc _cB |
||
| 999 |
_c6230 _d6230 |
||